000
00217nam a22000977a 4500
003
OSt
008
210116b ||||| |||| 00| 0 eng d
100
_a
Sree Kannan Janardhanan
_9
4877
245
_a
Prathikriya
942
_c
BK
999
_c
16581
_d
16581